Lokalizácia novej prevádzky podniku s využitím viackriteriálnej analýzy

Saved in:
Bibliographic Details
Main Author: Coroničová Hurajová, Jana, 1986-
Format: Book Chapter
Language:Slovak
Subjects:
Tags: Add Tag
No Tags, Be the first to tag this record!

MARC

LEADER 00000naa$a2200000$$$4500
001 0269251
005 20240502074222.6
041 0 |a slo 
044 |a SK 
245 1 0 |a Lokalizácia novej prevádzky podniku s využitím viackriteriálnej analýzy  |c Jana Coroničová Hurajová 
500 |a abstrakt 
610 2 0 |a podnik 
610 2 0 |a prevádzky 
610 2 0 |a lokalizácia 
610 2 0 |a analýzy 
100 1 |a Coroničová Hurajová, Jana, 1986-